[Event "SVK-chT2D 14/15"]
[Site "Slovakia"]
[Date "2015.02.14"]
[Round "8.7"]
[White "Recky, Norbert"]
[Black "Ucekaj, Ladislav"]
[Result "1-0"]
[WhiteElo "1825"]
[BlackElo "1665"]
[PlyCount "93"]
[EventDate "2014.10.11"]
[EventType "team-tourn"]
[EventRounds "11"]
[EventCountry "SVK"]
[SourceTitle "EXT 2019"]
[Source "ChessBase"]
[SourceDate "2018.10.10"]
[SourceVersion "1"]
[SourceVersionDate "2018.10.10"]
[SourceQuality "1"]
[WhiteTeam "Spisska Nova Ves"]
[BlackTeam "Moldava nad Bodvou"]
[WhiteTeamCountry "SVK"]
[BlackTeamCountry "SVK"]

1. e4 e6 2. d4 d5 3. e5 c5 4. c3 Qb6 5. a3 Nc6 6. Nf3 c4 7. Be2 Bd7 8. 0-0 0-0-0 9. Nbd2 h6 10. b4 cxb3 11. Qxb3 Qxb3 12. Nxb3 g5 13. Be3 g4 14. Nfd2 f5 15. exf6 Nxf6 16. f3 h5 17. Bg5 Be7 18. Bxf6 Bxf6 19. fxg4 Bg5 20. gxh5 Rdg8 21. Kh1 Ne7 22. g4 Ba4 23. Rab1 Bxd2 24. Nxd2 Bc2 25. Rb2 Ba4 26. Rf7 Re8 27. Nf3 Rhf8 28. Rxf8 Rxf8 29. Kg2 Ng8 30. Ne5 Nh6 31. Bf3 Rg8 32. Kh3 a6 33. c4 Bc6 34. Nxc6 bxc6 35. cxd5 exd5 36. Rg2 Nf7 37. Kg3 Ng5 38. h4 Ne6 39. Rd2 Kd7 40. g5 Nxg5 41. hxg5 Rxg5+ 42. Kf4 Rg8 43. Bg4+ Kd6 44. Re2 Rf8+ 45. Bf5 Rh8 46. Re6+ Kc7 47. h6 1-0

[Event "SVK-chT2D 14/15"]
[Site "Slovakia"]
[Date "2015.02.01"]
[Round "7.8"]
[White "Krajnik, Richard"]
[Black "Ucekaj, Ladislav"]
[Result "1-0"]
[WhiteElo "1795"]
[BlackElo "1665"]
[PlyCount "103"]
[EventDate "2014.10.11"]
[EventType "team-tourn"]
[EventRounds "11"]
[EventCountry "SVK"]
[SourceTitle "EXT 2019"]
[Source "ChessBase"]
[SourceDate "2018.10.10"]
[SourceVersion "1"]
[SourceVersionDate "2018.10.10"]
[SourceQuality "1"]
[WhiteTeam "Kosice Slavia UPJS III"]
[BlackTeam "Moldava nad Bodvou"]
[WhiteTeamCountry "SVK"]
[BlackTeamCountry "SVK"]

1. e4 e6 2. Nf3 d5 3. Nc3 Nf6 4. d3 dxe4 5. dxe4 Qxd1+ 6. Kxd1 Bc5 7. Be3 Bxe3 8. fxe3 a6 9. Bd3 0-0 10. Ke2 Nbd7 11. h3 b5 12. b4 c5 13. bxc5 Nxc5 14. g4 Bb7 15. e5 Nfd7 16. Rhf1 Bxf3+ 17. Rxf3 Nxe5 18. Rf4 Rac8 19. Rc1 Rfd8 20. Rd4 Rxd4 21. exd4 Ncxd3 22. cxd3 Ng6 23. Kd2 b4 24. Ne2 Rxc1 25. Kxc1 Ne7 26. Kb2 Kf8 27. Kb3 Nd5 28. Kc4 Ke7 29. Kc5 a5 30. Nc1 a4 31. Kb5 a3 32. Nb3 f5 33. gxf5 exf5 34. Kc4 Kd6 35. Nc5 Kc6 36. Nb3 f4 37. Nd2 g5 38. Nf3 h6 39. Ne5+ Kd6 40. Nf7+ Ke6 41. Nxh6 f3 42. Ng4 Nf4 43. Nf2 Kd6 44. Ne4+ Kc6 45. Nf2 Nxh3 46. Nxh3 g4 47. d5+ Kd6 48. Nf2 g3 49. Ne4+ Kd7 50. Nxg3 f2 51. Kxb4 Kd6 52. Kc4 1-0

[Event "Stara Lubovna op"]
[Site "Stara Lubovna"]
[Date "2014.04.11"]
[Round "6"]
[White "Jancovic, Peter"]
[Black "Ucekaj, Ladislav"]
[Result "1-0"]
[WhiteElo "2179"]
[BlackElo "1659"]
[PlyCount "53"]
[EventDate "2014.04.06"]
[EventType "swiss"]
[EventRounds "7"]
[EventCountry "SVK"]
[SourceTitle "CBM 160 Extra"]
[Source "ChessBase"]
[SourceDate "2014.07.01"]
[SourceVersion "1"]
[SourceVersionDate "2014.07.01"]
[SourceQuality "1"]

1. d4 Nf6 2. Bg5 d5 3. Nd2 Bf5 4. e3 h6 5. Bxf6 exf6 6. c4 Nc6 7. a3 Be7 8. Qb3 Na5 9. Qa4+ c6 10. cxd5 b5 11. Qd1 Qxd5 12. Be2 Rc8 13. Bf3 Qd6 14. Ne2 Be6 15. Nf4 0-0 16. 0-0 Rfd8 17. Nxe6 fxe6 18. b4 Nb7 19. Qb3 Rc7 20. Ne4 Qd7 21. a4 Rdc8 22. axb5 cxb5 23. Rxa7 Nd6 24. Nc5 Qe8 25. Rxc7 Rxc7 26. Nxe6 Qf7 27. Bd5 1-0

[Event "Stara Lubovna op"]
[Site "Stara Lubovna"]
[Date "2014.04.10"]
[Round "5"]
[White "Bakalar, Jan"]
[Black "Ucekaj, Ladislav"]
[Result "1-0"]
[WhiteElo "1967"]
[BlackElo "1659"]
[PlyCount "69"]
[EventDate "2014.04.06"]
[EventType "swiss"]
[EventRounds "7"]
[EventCountry "SVK"]
[SourceTitle "CBM 160 Extra"]
[Source "ChessBase"]
[SourceDate "2014.07.01"]
[SourceVersion "1"]
[SourceVersionDate "2014.07.01"]
[SourceQuality "1"]

1. Nf3 d5 2. g3 Nf6 3. Bg2 c6 4. 0-0 Bg4 5. Ne5 Bh5 6. d4 Nbd7 7. f4 e6 8. h3 Bg6 9. c4 Be4 10. Nc3 Bxg2 11. Kxg2 Bb4 12. Qb3 Bxc3 13. bxc3 Qb6 14. Nxd7 Kxd7 15. Qc2 c5 16. Kh2 cxd4 17. Rb1 Qc6 18. cxd5 Nxd5 19. Rd1 Qxc3 20. Qxc3 Nxc3 21. Rxd4+ Ke8 22. Rxb7 Nxe2 23. Rc4 Nxc1 24. Rxc1 a5 25. Rcc7 Rf8 26. g4 Kd8 27. Rxf7 Rxf7 28. Rxf7 Rc8 29. Rxg7 Rc7 30. Rxc7 Kxc7 31. g5 Kd7 32. h4 Ke7 33. h5 Kf7 34. Kg3 Kg7 35. Kf3 1-0